| 000 | 00484nam a2200181 a 4500 | ||
|---|---|---|---|
| 001 | BRCA_2925 | ||
| 005 | 20190320204030.0 | ||
| 008 | 121208s1934----mx-a---###---#000-0#spa-u | ||
| 050 | 4 |
_aR465 _b.O32 1934 |
|
| 100 | 1 |
_aOcaranza, Fernando _98142 |
|
| 245 | 1 | 0 |
_aHistoria de la medicina en México _cpor Fernando Ocaranza. |
| 260 |
_aMéxico _bLaboratorios Midy _c1934 |
||
| 300 |
_a213 p. _bil. _c21 cm. |
||
| 500 | _aB55 | ||
| 650 | 1 | 4 |
_aMedicina _98143 |
| 902 | _aGFM | ||
| 942 |
_2lcc _cB |
||
| 999 |
_c2664 _d2664 |
||